Change 1 Letter to Get a New Word - Statistics

General Stats
  • This quiz has been taken 89 times
    68 since last reset
  • The average score is 25 of 50
Answer Stats
Hint Answer % Correct
Bengal, Siberian, Sumatran, or Pi's raftmate, e.g. Tiger
87%
Sometime in the future, just not now Later
83%
A hybrid between the above and Mufasa or Simba Liger
81%
A beer or draught Lager
79%
Someone who uses Cupid.com Dater
68%
Old or antique Dated
66%
Texas hold'em, maybe Poker
64%
A little ____ of my appreciation Token
64%
Stories, such as those told by Chaucer about a certain English city Tales
62%
Spared from harm or loss Saved
60%
Got lighter in color, perhaps due to fear Paled
57%
Moved a boat with oars, much like the vikings Rowed
57%
Curtsied, for a guy Bowed
55%
Covered with stone or asphalt, e.g. Paved
55%
Annoying finger touches Pokes
55%
Opposite ends; north or south, e.g. Poles
55%
Small openings, perhaps for sweat Pores
55%
Satisfied, quenched Sated
55%
A pipe for waste Sewer
55%
One who scatters seed Sower
55%
Charmed (with) Taken
55%
Accepts, or multiple recordings of a scene Takes
55%
Valleys, o'er hill(s) and ___ Dales
53%
Married again Re-wed
53%
Organizes Sorts
53%
Made drowsy from lack of excitement, or drilled a hole Bored
51%
Marks left by extreme heat Burns
51%
___ to a crisp Burnt
51%
Pushed a raft or gondola Poled
49%
Ticonderoga, Sumter, and Knox Forts
47%
An exponent, or a force Power
47%
Small pies, usually filled with fruit Tarts
47%
Tips at the Monte Carlo Tokes
47%
More than one capital of Switzerland? Berns
45%
Distributes pineapples? Doles
45%
Coastal Cities Ports
45%
Wrongful acts resulting in injury, legally Torts
45%
Made a garment or flag Sewed
43%
Stabbed, much like a bull in Pamplona would Gored
36%
More than one Al Gores
34%
Canvas coverings Tarps
34%
Sea birds similar to gulls Terns
34%
Recovered from a disease Cured
32%
Students from the University of Maryland at College Park Terps
30%
Fishing baits Lures
28%
Added lubricant Lubed
26%
Attracted, as a siren Lured
26%
Raised to the third power Cubed
23%
A graduated glass tube used for titrations Buret
21%
A less common spelling of a surgical scoop-like instrument Curet
19%
No matching quizzes found
Score Distribution
Percent of People with Each Score
Percentile by Number Answered
Your Score History
You have not taken this quiz since the last reset